| 000 | 00447nam a2200145 4500 | ||
|---|---|---|---|
| 001 | 111352 | ||
| 003 | ES-MaACL | ||
| 007 | t| | ||
| 008 | 061121s1952 sp r ||||1| spa d | ||
| 100 | 1 |
_aOlivar Daydi, M. _986763 |
|
| 245 | 1 | 3 |
_aLa cerámica trecentista en los países de la Corona de Aragón / _cM. Olivar Daydi. |
| 260 |
_aBarcelona : _bSeix Barral, _c1952. |
||
| 300 |
_a154 p., 1-124 lám. ; _c33 cm. |
||
| 852 |
_aES-MaACL _jC-5948 _bR.34205 |
||
| 999 |
_c111352 _d111352 |
||